Zhodnotenie činnosti vybraného malého podniku v SR diplomová práca

Uložené v:
Podrobná bibliografia
Hlavný autor: Mathiová, Ivana
Korporativný autor: Fakulta podnikového manažmentu EU. Katedra podnikovohospodárska
Ďalší autori: Šúbertová, Elena
Médium: Kniha
Jazyk:Slovak
Vydavateľské údaje: Bratislava 2011
Tagy: Pridať tag
Žiadne tagy, Buďte prvý, kto otaguje tento záznam!

MARC

LEADER 00000nbm a2200000 4500
001 0131270
005 20161109101652.2
041 0 |a slo 
044 |a SK 
245 1 0 |a Zhodnotenie činnosti vybraného malého podniku v SR  |b diplomová práca  |c Ivana Mathiová ; školiteľ: Elena Šúbertová 
264 1 |a Bratislava  |c 2011 
300 |a 78 s. 
100 1 |a Mathiová, Ivana 
700 1 |a Šúbertová, Elena 
710 2 |a Fakulta podnikového manažmentu EU. Katedra podnikovohospodárska